All 100k+ cities of Australia on a map - Statistics

General Stats
  • This quiz has been taken 62 times
    58 since last reset
  • The average score is 14 of 17
Answers on the Map
Answers color-coded by a green-red scale on the quiz's map according to % correct below.
 
Answer Stats
Population City % Correct
1,874,577 Perth
100%
4,321,534 Sydney
100%
2,054,616 Brisbane
98%
432,141 Canberra
98%
118,452 Darwin
98%
4,196,201 Melbourne
98%
1,165,639 Adelaide
96%
178,005 Hobart
90%
600,334 Gold Coast
88%
322,279 Newcastle
77%
144,733 Cairns
75%
243,377 Sunshine Coast
69%
168,726 Townsville
69%
261,897 Wollongong
60%
157,103 Geelong
58%
100,032 Toowoomba
46%
307,740 Central Coast
42%
No matching quizzes found
Score Distribution
Percent of People with Each Score
Percentile by Number Answered
Your Score History
You have not taken this quiz since the last reset